Czech carols 2

Korporativní autor: Symposium Musicum Pragense (hudební skupina)
Další autoři: Skopal, Jiří, 1947-, Boni Pueri (pěvecký sbor), Jitro (dětský pěvecký sbor)
Jazyk: Čeština
Vydáno: Praha : Bonton Music, p1994
Témata:
Fyzický popis: 1 CD : DDD ; 12 cm + 1 brožura [8 s.].
Zvukové nahrávky
Uloženo v:
LEADER 02020njm a2200577 a 4500
001 000292096
003 CZ BrMZK
005 20091126100020.0
008 010907s1994 xr f cze d
028 0 3 |a 71 0147-2  |b Bonton music 
040 |a BOA001  |b cze 
080 |a 784.1.087.681(086.7)  |2 MRF 
080 |a 783.651.2(086.7)  |2 MRF 
245 0 0 |a Czech carols 2  |h [zvukový záznam] 
246 3 |a Ó svatá dobo sváteční 
246 3 3 |a České koledy 2 
246 3 3 |a Byla cesta, byla ušlapaná 
246 3 3 |a Interludium 2 
246 3 3 |a Interludium 3 
246 3 3 |a Interludium 4 
246 3 3 |a Interludium 5 
246 3 3 |a Interludiun 1 
246 3 3 |a K ježíškovi do Betléma 
246 3 3 |a Milý Bože 
246 3 3 |a Máte-li co, poneste 
246 3 3 |a Narodil se Syn Boží 
246 3 3 |a Náš pantáto rozmilý 
246 3 3 |a Padá rosa studená 
246 3 3 |a Pokoj, štěstí, zdraví 
246 3 3 |a V řečeném městě 
246 3 3 |a Vzhůru, jen zhluboka 
246 3 3 |a Všichni věrní křesťané 
246 3 3 |a Vítej, milý Jezu Kriste 
246 3 3 |a Šel jsem na koledu 
260 |a Praha :  |b Bonton Music,  |c p1994 
300 |a 1 CD :  |b DDD ;  |c 12 cm +  |e 1 brožura [8 s.]. 
500 |a Text v brož. vícejaz. 
500 |a Nahr. 1994 
500 |a Durata neuv 
505 2 |a K Ježíškovi do Betléma, Náš pantáto rozmilý, V řečeném městě .. [et al.] 
511 0 |a Boni Pueri; Jitro, sbm. Jiří Skopal; Symposium Musicum 
653 0 |a dětské sbory  |a historické nástroje  |a koledy 
700 1 |a Skopal, Jiří,  |d 1947-  |7 jo20000075422  |4 cnd 
710 2 |a Symposium Musicum Pragense (hudební skupina)  |7 xx0025774  |4 prf 
710 2 |a Boni Pueri (pěvecký sbor)  |7 ko2002102036  |4 prf 
710 2 |a Jitro (dětský pěvecký sbor)  |7 ko2003164333 
910 |a BOA001  |b CD-0002.820 
964 |a Koledy  |x CD 
964 |a Sbory dětské s doprovodem  |x CD 
990 |a AV 
996 6 |b 261H002853  |c CD-0002.820  |l MZK  |r Sklad / do 24 hodin  |n 0  |w 000292096  |u 000010  |a 1  |e BOA001  |j MZK50  |s P